000 00431pab a2200169 454500
008 180718b1997 xxu||||| |||| 00| 0 eng d
100 _aMarshall, Geoffrey
245 _aThe referendum: what, when and how?
260 _c1997
300 _ap.307-13
362 _aApr
650 _areferendum - Great Britain
650 _aElections - Great Britain
650 _aElections
773 _aParliamentary Affairs
909 _a33902
999 _c33902
_d33902